000 00320nam a2200133Ia 4500
100 _aBurrus/Sidney C
942 _cBK
654 _acomputer
245 _aComputerbased Excercises for Signal Processing Using MATLAB
260 _bPrentice Hall
_aNONE
_c1994
300 _a404
546 _aENGLISH
999 _c25606
_d25606